5HLuxD.jpg

KING HENRY VIII SENIOR AND PRIMARY SCHOOL LIBRARY OPAC

Agent 21 : (Record no. 6134)

000 -LEADER
fixed length control field 01408cam a2200277 a 4500
003 - CONTROL NUMBER IDENTIFIER
control field OSt
005 - DATE AND TIME OF LATEST TRANSACTION
control field 20260312103626.0
008 - FIXED-LENGTH DATA ELEMENTS--GENERAL INFORMATION
fixed length control field 130808s2013 enk d 000 1 eng d
020 ## - INTERNATIONAL STANDARD BOOK NUMBER
International Standard Book Number 9781782957225
040 ## - CATALOGING SOURCE
Original cataloging agency UKMGB
Language of cataloging eng
Transcribing agency UKMGB
Modifying agency Nz
-- TAE
-- KH8
042 ## - AUTHENTICATION CODE
Authentication code nbic
082 ## - DEWEY DECIMAL CLASSIFICATION NUMBER
Classification number FIC RYA
100 1# - MAIN ENTRY--PERSONAL NAME
Personal name Ryan, Chris,
Dates associated with a name 1961-
Relator term author.
245 10 - TITLE STATEMENT
Title Agent 21 :
Remainder of title codebreaker /
Statement of responsibility, etc. Chris Ryan.
246 30 - VARYING FORM OF TITLE
Title proper/short title Codebreaker.
260 ## - PUBLICATION, DISTRIBUTION, ETC.
Place of publication, distribution, etc. London :
Name of publisher, distributor, etc. Red Fox,
Date of publication, distribution, etc. 2013.
300 ## - PHYSICAL DESCRIPTION
Extent 320 p. ;
Dimensions 20 cm.
490 1# - SERIES STATEMENT
Series statement Agent 21 series ;
Volume/sequential designation 3.
520 ## - SUMMARY, ETC.
Summary, etc. Special agent Zac Darke is back for his third mission--and the stakes have never been higher. An unknown bomber is conducting a terror campaign in London. After an explosion on the tube leaves someone dead, Zac and his team are brought in to try and work out how this terror cell operates--but clues are scarce and they have no idea where, or when, the bomber will strike next. A teenage boy, currently detained in a young offender's institute, claims he has the answer--but before Zac can question him, the boy is shot and falls into a coma. Will Zac be able to break the cipher before the bomber strikes again?
521 1# - TARGET AUDIENCE NOTE
Target audience note 13-18.
650 #0 - SUBJECT ADDED ENTRY--TOPICAL TERM
Topical term or geographic name entry element Darke, Zak (Fictitious character)
Form subdivision Juvenile fiction.
650 #0 - SUBJECT ADDED ENTRY--TOPICAL TERM
Topical term or geographic name entry element Intelligence officers
Form subdivision Juvenile fiction.
650 #0 - SUBJECT ADDED ENTRY--TOPICAL TERM
Topical term or geographic name entry element Terrorism
Form subdivision Juvenile fiction.
650 #0 - SUBJECT ADDED ENTRY--TOPICAL TERM
Topical term or geographic name entry element Bombings
Form subdivision Juvenile fiction.
942 ## - ADDED ENTRY ELEMENTS (KOHA)
Source of classification or shelving scheme
Koha item type Books - Fiction
Holdings
Withdrawn status Lost status Source of classification or shelving scheme Damaged status Not for loan Collection code Permanent Location Current Location Shelving location Date acquired Full call number Barcode Date last seen Price effective from Koha item type
          Fiction KH8 Senior School Library KH8 Senior School Library Young Adult 2026-03-12 FIC RYA 3KHSL000102646 2026-03-12 2026-03-12 Books - Fiction

Powered By KH8 IT Dept